Weather, / (Record no. 10620)
[ view plain ]
| 000 -CABECERA | |
|---|---|
| campo de control de longitud fija | 00720cam a22002291 4500 |
| 001 - NÚMERO DE CONTROL | |
| campo de control | 000010871 |
| 005 - FECHA Y HORA DE LA ÚLTIMA TRANSACCIÓN | |
| campo de control | 20200929162317.0 |
| 008 - DATOS DE LONGITUD FIJA--INFORMACIÓN GENERAL | |
| campo de control de longitud fija | 711124s1965 nyuabc 000 0 eng |
| 010 ## - NÚMERO DE CONTROL DE LA BIBLIOTECA DEL CONGRESO | |
| Número de control de LC | 65014589 |
| 040 ## - FUENTE DE LA CATALOGACIÓN | |
| Centro catalogador/agencia de origen | DO-SdBNP |
| Centro/agencia transcriptor | DLC |
| Centro/agencia modificador | DLC |
| 050 00 - SIGNATURA TOPOGRÁFICA DE LA BIBLIOTECA DEL CONGRESO | |
| Número de clasificación | QC863 |
| Número de documento/Ítem | .T5 |
| 082 00 - NÚMERO DE LA CLASIFICACIÓN DECIMAL DEWEY | |
| Número de clasificación | 551.5 |
| 100 1# - ENTRADA PRINCIPAL--NOMBRE DE PERSONA | |
| Nombre de persona | Thompson, Philip Duncan. |
| 9 (RLIN) | 26212 |
| 245 10 - MENCIÓN DE TÍTULO | |
| Título | Weather, / |
| Mención de responsabilidad, etc. | by Philip D. Thompson, Robert O'Brien and the editors of Life. |
| 260 ## - PUBLICACIÓN, DISTRIBUCIÓN, ETC. | |
| Lugar de publicación, distribución, etc. | New York, : |
| Nombre del editor, distribuidor, etc. | Time inc., |
| Fecha de publicación, distribución, etc. | [1965]. |
| 300 ## - DESCRIPCIÓN FÍSICA | |
| Extensión | 200 p. : |
| Otras características físicas | illus. (part col.), maps, col. ports. ; |
| Dimensiones | 28 cm. |
| 440 #0 - MENCIÓN DE SERIE/PUNTO DE ACCESO ADICIONAL--TÍTULO | |
| Título | Life science library |
| 9 (RLIN) | 25802 |
| 650 #0 - PUNTO DE ACCESO ADICIONAL DE MATERIA--TÉRMINO DE MATERIA | |
| Término de materia o nombre geográfico como elemento de entrada | Meteorology. |
| 9 (RLIN) | 26213 |
| 700 1# - PUNTO DE ACCESO ADICIONAL--NOMBRE DE PERSONA | |
| Nombre de persona | O'Brien, Robert, |
| Fechas asociadas al nombre | 1911- |
| 9 (RLIN) | 26214 |
| 730 0# - PUNTO DE ACCESO ADICIONAL--TÍTULO UNIFORME | |
| Título uniforme | Life (Chicago, Ill.) |
| 9 (RLIN) | 26215 |
| 910 ## - DATOS DE OPCIÓN DEL USUARIO (OCLC) | |
| Datos de opción del usuario | DC |
| Estado de retiro | Estado de pérdida | Restricciones de uso | No para préstamo | Código de colección | Localización permanente | Ubicación/localización actual | Ubicación en estantería | Fecha de adquisición | Número de inventario | Total de préstamos | Signatura topográfica completa | Código de barras | Fecha visto por última vez | Precio válido a partir de | Tipo de ítem Koha |
|---|---|---|---|---|---|---|---|---|---|---|---|---|---|---|---|
| Préstamo interno | Monografías: Libros y Folletos | General | General | En catalogación | 12.10.2009 | LF1 | 551.5 | 10871-10 | 25.06.2020 | 25.06.2020 | Préstamo interno |
